[Event "ZN-2013-0-02460"]
[Site "LSS email"]
[Date "2013.10.05"]
[Round "?"]
[White "Kotov, Michail"]
[Black "Linart, Jakub"]
[Result "0-1"]
[WhiteElo "800"]
[BlackElo "607"]
[PlyCount "70"]
[EventDate "2013.09.26"]
[EventType "match (corr)"]
[EventRounds "2"]
[EventCountry "GER"]
[SourceTitle "Telechess CBM 163"]
[Source "ChessBase"]
[SourceDate "2014.11.11"]
[SourceVersion "2"]
[SourceVersionDate "2014.11.11"]
[SourceQuality "1"]

1. e4 e5 2. Nf3 d6 3. Bc4 Nh6 4. d4 c6 5. dxe5 dxe5 6. Qxd8+ Kxd8 7. Bxh6 Be6 8. Bxe6 fxe6 9. Bg5+ Be7 10. Nxe5 Rf8 11. Bxe7+ Kxe7 12. 0-0 Na6 13. Nc3 Rad8 14. Rad1 Nc5 15. b4 Nd7 16. Rxd7+ Rxd7 17. Nxd7 Kxd7 18. Rd1+ Kc7 19. g3 g5 20. Kg2 h5 21. Kf1 g4 22. Ke2 Rf3 23. Rd3 Rf7 24. f4 b5 25. e5 Kb6 26. Rd6 Re7 27. Ne4 a5 28. bxa5+ Kxa5 29. Rxc6 Kb4 30. Kd3 Rd7+ 31. Nd6 Ra7 32. c3+ Ka4 33. Rb6 Ra5 34. Rxb5 Rxb5 35. Nxb5 Kxb5 0-1

[Event "ZN-2013-0-02458"]
[Site "LSS email"]
[Date "2013.10.03"]
[Round "?"]
[White "Kotov, Michail"]
[Black "Lauer, Fredric"]
[Result "0-1"]
[WhiteElo "800"]
[BlackElo "1124"]
[PlyCount "44"]
[EventDate "2013.09.26"]
[EventType "match (corr)"]
[EventRounds "2"]
[EventCountry "GER"]
[SourceTitle "Telechess CBM 163"]
[Source "ChessBase"]
[SourceDate "2014.11.11"]
[SourceVersion "2"]
[SourceVersionDate "2014.11.11"]
[SourceQuality "1"]

1. e4 c5 2. Nf3 Nc6 3. d4 cxd4 4. Nxd4 d5 5. Bb5 dxe4 6. Nxc6 Qxd1+ 7. Kxd1 a6 8. Nxe7+ Kxe7 9. Bc4 Bg4+ 10. Ke1 Be6 11. Bxe6 Kxe6 12. Ke2 f5 13. Be3 Nf6 14. Nc3 Bb4 15. Bd2 g6 16. Nxe4 Bxd2 17. Nxd2 Rhe8 18. Rhe1 Kf7+ 19. Kf1 b5 20. Rxe8 Rxe8 21. Re1 Rd8 22. Nb3 Ne4 0-1